000 00452nam a2200169Ia 4500
008 131103s9999 xx 000 0 und d
040 _aLoreto College
041 _aEnglish
082 _a920/HAT
_bLCLIB/
100 _aHathayay, Katharine Butler
245 4 _aThe little locksmith
_cKatharine Butler Hathayay
260 _aLondon
_breaders union
_c1945
300 _a167p.
_c 22cm.
650 _aBiography
850 _aLCLIB/920/HAT
942 _cBK
999 _c25184
_d75663